| 000 | 00800cam a22002533a 4500 | ||
|---|---|---|---|
| 001 | 22550 | ||
| 003 | PGUSA | ||
| 005 | 20140828083459.0 | ||
| 008 | 070909s2007||||xxu|||||s|||||000 | eng d | ||
| 040 |
_aPGUSA _beng |
||
| 042 | _adc | ||
| 050 | 4 | _aF516 | |
| 100 | 1 |
_aStrickland, W. P. _q(William Peter), _d1809-1884 |
|
| 245 | 1 | 0 |
_aOld Mackinaw : _bOr, The Fortress of the Lakes and its Surroundings _h[electronic resource] / _cW. P. Strickland |
| 260 |
_bProject Gutenberg, _c2007 |
||
| 506 | _aPublic domain in the USA. | ||
| 516 | _aElectronic text | ||
| 653 | _aMackinac Island (Mich. : Island) -- History | ||
| 653 | _aGreat Lakes (North America) | ||
| 653 | _aMichigan -- History | ||
| 830 | 0 |
_aProject Gutenberg _v22550 |
|
| 856 | 4 | 0 | _uhttp://www.gutenberg.org/ebooks/22550 |
| 942 | _cEB | ||
| 999 |
_c251805 _d251805 |
||